00557nam a2200193 a 4500001001300000003000900013005001700022008004100039020001000080082001500090100002100105245003200126260004200158300000900200500003500209505001000244505008900254650002000343nice12345678IN_TiNIC20260116011308.0050524s1938 bana grp 000 0 eng  ac10000a297.2bSHU aShushtery, A M A aOutlines of Islamic Culture aBangalorebBangalore Book Housec1938 a340p aincludes index and biblioraphy2 aindex2 aindex00gV1.tHistorical and Cultural Aspects.--gV2.tPhilosophical and Theological aIslam-Doctrines